| 000 | 00621nam a2200193 i 4500 | ||
|---|---|---|---|
| 001 | 9066 | ||
| 003 | ES-MaACL | ||
| 005 | 20230906145609.0 | ||
| 007 | t| | ||
| 008 | 901112s1992 sp ||||1| spa d | ||
| 020 | _a84-260-2648-6 | ||
| 080 | _a330.534(46) | ||
| 245 | 0 | 0 |
_aContabilidad regional de España _b: base 1985, serie 1986-1990 / _cInstituto Nacional de Estadistica. |
| 260 |
_aMadrid : _bI.N.E., _c1992. |
||
| 300 |
_a355 p. ; _c30 cm. |
||
| 650 | 1 | 4 |
_aContabilidad regional- _zEspaña. _911313 |
| 710 | 2 |
_aInstituto Nacional de Estadística (España) _95162 |
|
| 852 |
_aES-MaACL _jL-16455 _bR.121166 _z. - rust. |
||
| 999 |
_c9066 _d9066 |
||